| 000 | 01059nam0a22002411i 4500 | ||
|---|---|---|---|
| 001 | rc\3653174 | ||
| 005 | 20240725235059.0 | ||
| 021 |
_aRU _b[73-25487а] |
||
| 035 | _a(NLR Aleph) 007735427 | ||
| 090 |
_a7100889 _c7100889 |
||
| 100 | _a20130115d1973 |||y0rusy50 ca | ||
| 101 | 0 | _arus | |
| 102 | _aRU | ||
| 105 | _ay d ||||| | ||
| 200 | 1 |
_aИсследование концентрации маслодельного производства и ее экономическая эффективность _e(На примере сев. областей КазССР) _eАвтореф. дис. на соиск. учен. степени канд. экон. наук _e(08.00.05) _fВсесоюз. науч.-исслед. ин-т мясной пром-сти |
|
| 210 |
_aМосква _d1973 |
||
| 215 | _a32 с. | ||
| 320 | _aСписок работ авт.: с. 32 (5 назв.) | ||
| 700 | 1 |
_aМуругов _bА.Е. _gАлександр Ермолаевич |
|
| 801 | 0 |
_aRU _bNLR _gpsbo |
|
| 801 | 1 |
_aRU _bELAR _2rusmarc |
|
| 852 |
_aNLR _j73-4/44772 |
||
| 942 | _cBOOK | ||